000 01355nam a2200277Ia 4500
999 _c42031
_d42031
001 8721
003 GE_BSU
005 20240530150242.0
008 181216s2010||||ge |||||||||||||| ||geo||
020 _a9789941413292
040 _cGE_BSU
041 _ageo
080 _a821.353.1-32 დ–90
100 _aდუმბაძე, ნოდარ
_91321
245 _aმე, ბებია, ილიკო და ილარიონი :
_bმოთხრობები /
_cნოდარ დუმბაძე ; [სარედ. ჯგუფი : ზურაბ აბაშიძე, მანანა ჯანელიძე, ირმა ხარშილაძე].
264 _aთბილისი :
_bპალიტრა L,
_c2010.
300 _a304 გვ. ;
_c20 სმ.
490 _aქართული პროზის საგანძური, 1987-8850 ; ტ. 3
541 _h6ლ.
653 _aმე, ბებია, ილიკო და ილარიონი
653 _aმოთხრობები
700 _aაბაშიძე, ზურა
_eრედაქტორი
_922244
700 _aჯანელიძე, მანანა
_eრედაქტორი
_91323
700 _aხარშილაძე, ირმა
_eრედაქტორი
_922245
942 _cBK
_2udc